01246nas a2200265Ia 4500001001100000003000900011008004100020040001300061040001300074041001300087100004700100210001900147222001900166245012000185250001100305260004000316501008600356300001900442362002600461500020800487650003800695942000700733999001900740952022100759R951/D2327IT-RoPAU151124c99999999xx |||||||||||| ||und|| aIT-RoPAU cIT-RoPAU aFRANCESE aChavasse AntoinegCodice Aut. SPICS: 51134 aECCLESIA ORANS aEcclesia Orans aECCLESIA ORANS, ANNO 10-N.01 (1993)bJeudi, Vendredi Et Samedi Saint, Selon Le Gelasien Du Vaticanus Reginensis 316 a1a ed. aROMAbCENTRO STUDI S. ANSELMOc1993 bPaulus - SPICS - Società San Paolo EM (non-commercial uses only)cCopyright2015 a6 p. [105-110] aANNO 010, N.01 (1993) aGiovedi', Venerdi' e Sabato Santo, Secondo il Gelasiano. Luogo Delle Celebrazioni. Designazione del Celebrante Principale. Messa che Ingloba i Riti dei Tre Giorni. Riti Propri di Ciascuno dei Tre Giorni. aLITURGIAvPUBBLICAZIONE PERIODICA cCR c127002d127002 0010406R_951_000000000000000_D232771aSPICSbSPICSd2015-11-25l0oR951/D2327r2015-11-25 00:00:00w2015-11-25yCRzProgr. Ins: 98385 / Copia rara: NO / date import: 25.11.2015 / By Epidotti, Trombetti, Vaglietti